000 00488nam a22001577a 4500
005 20231026073747.0
008 231026b |||||||| |||| 00| 0 eng d
020 _a0409040738 ; 0409040746
041 _aEnglish
082 _a346.7 MAL
100 _aMalan, FR
_lEnglish
245 _aBills of Exchange, Cheques and Promissory Notes in South African Law /
_cFR Malan
300 _bxii, 441 pages ;
_c25, 5 cm.
650 _aLegal practice
_bLaw
942 _cBK
_6ALISON_BN_VRIES
999 _c69
_d69